<?xml version="1.0" encoding="UTF-8"?>
<collection xmlns="http://www.loc.gov/MARC21/slim">
 <record>
  <leader>01139pamaa2200181   4500</leader>
  <controlfield tag="001">0000045250</controlfield>
  <controlfield tag="005">20090604090000.0</controlfield>
  <controlfield tag="008">090604                             eng  </controlfield>
  <datafield tag="020" ind1="0" ind2="0">
   <subfield code="a">9833845088 / 9789833845088 (pbk.) </subfield>
  </datafield>
  <datafield tag="090" ind1="0" ind2="0">
   <subfield code="a">DS596.3 </subfield>
   <subfield code="b">MAL 2007</subfield>
  </datafield>
  <datafield tag="245" ind1="1" ind2="0">
   <subfield code="a">Malaysia's foreign policy : </subfield>
   <subfield code="b">continuity &amp; change  </subfield>
   <subfield code="c">edited by Abdul Razak Baginda.</subfield>
  </datafield>
  <datafield tag="260" ind1="0" ind2="0">
   <subfield code="a">Shah Alam, Selangor Darul Ehsan, Malaysia: </subfield>
   <subfield code="b">Marshall Cavendish Editions ; Tarrytown, N.Y. : Marshall Cavendish, </subfield>
   <subfield code="c">2007.</subfield>
  </datafield>
  <datafield tag="300" ind1=" " ind2=" ">
   <subfield code="a">186 p.; </subfield>
   <subfield code="c">23 cm.</subfield>
  </datafield>
  <datafield tag="504" ind1="0" ind2="0">
   <subfield code="a">Includes bibliographical references</subfield>
  </datafield>
  <datafield tag="505" ind1="0" ind2="0">
   <subfield code="a">Economic factors in Malaysia's foreign policy by Hassan Ali -- Malaysia-US relations / by Pamela Sodhy -- Malaysia and Northeast Asia / by Tang Siew Mun -- ASEAN, association to community, constructed in the image of Malaysia's global diplomacy / by Azhari Karim -- Reinvigorating Malaysia-Europe relations in the new era / by Ruhanas Harun -- Malaysia at the United Nations / by AbdullahAhmad -- Malaysia-Africa relations / by Hamidin Abd. Hamid</subfield>
  </datafield>
  <datafield tag="650" ind1="0" ind2="0">
   <subfield code="a">Malaysia -- </subfield>
   <subfield code="x">Foreign relations </subfield>
  </datafield>
  <datafield tag="700" ind1="1" ind2="1">
   <subfield code="a">Abdul Razak Abdullah Baginda </subfield>
  </datafield>
  <datafield tag="901" ind1=" " ind2=" ">
   <subfield code="u">www.marshallcavendish.com</subfield>
  </datafield>
 </record>
</collection>
